[Event "Remote-ch Class3 email"]
[Site "Remote email"]
[Date "2013.04.01"]
[Round "?"]
[White "Schubert, Bernd"]
[Black "Maier, Ralf"]
[Result "0-1"]
[WhiteElo "1715"]
[BlackElo "1887"]
[PlyCount "70"]
[EventDate "2013.??.??"]
[EventType "tourn (corr)"]
[EventRounds "6"]
[EventCountry "GER"]
[SourceTitle "Corr 2015"]
[Source "ChessBase"]
[SourceDate "2015.07.17"]
[SourceVersion "1"]
[SourceVersionDate "2015.07.17"]
[SourceQuality "1"]

1. e4 e5 2. Nf3 f5 3. Nxe5 Qf6 4. d4 d6 5. Nc4 fxe4 6. Nc3 Qg6 7. Qe2 Nf6 8. Ne3 Be7 9. Ncd5 Na6 10. Nxe7 Kxe7 11. Bd2 Be6 12. a3 c6 13. g3 Rhf8 14. Bg2 Rae8 15. b3 h5 16. 0-0 Kd8 17. Ba5+ Nc7 18. c4 b6 19. Bb4 c5 20. dxc5 dxc5 21. Bc3 Bg4 22. Qd2+ Ke7 23. Be5 Rd8 24. Qc3 Rd3 25. Qc2 Ne6 26. Rad1 Bxd1 27. Rxd1 Ng4 28. Nxg4 hxg4 29. Bf1 Rxd1 30. Qxd1 Rd8 31. Qc2 Ng5 32. Kg2 Qf5 33. Bxg7 Qf3+ 34. Kg1 Nh3+ 35. Bxh3 gxh3 0-1

[Event "Remote-ch Class3 email"]
[Site "Remote email"]
[Date "2013.04.01"]
[Round "?"]
[White "Schubert, Bernd"]
[Black "Schulz, Peter"]
[Result "0-1"]
[WhiteElo "1715"]
[BlackElo "1911"]
[PlyCount "82"]
[EventDate "2013.??.??"]
[EventType "tourn (corr)"]
[EventRounds "6"]
[EventCountry "GER"]
[SourceTitle "Corr 2015"]
[Source "ChessBase"]
[SourceDate "2015.07.17"]
[SourceVersion "1"]
[SourceVersionDate "2015.07.17"]
[SourceQuality "1"]

1. c4 c5 2. g3 Nc6 3. Bg2 Qc7 4. Nf3 Nf6 5. Nc3 d6 6. Nb5 Qb6 7. a3 Bd7 8. d3 g6 9. 0-0 Bg7 10. b3 Ng4 11. Rb1 a6 12. Nxd6+ exd6 13. Bd2 0-0 14. Bf4 Nge5 15. b4 Nxf3+ 16. Bxf3 Ne5 17. bxc5 Nxf3+ 18. exf3 Qxc5 19. Rxb7 Bc6 20. Rc7 Rfe8 21. Be3 Rxe3 22. Rxc6 Rxd3 23. Qxd3 Qxc6 24. Qe4 Qc8 25. f4 Qe8 26. Qxe8+ Rxe8 27. Rd1 Re6 28. c5 dxc5 29. Rd8+ Bf8 30. Rc8 Re4 31. Kg2 Kg7 32. Kf3 Ra4 33. h4 Rxa3+ 34. Kg2 a5 35. g4 a4 36. h5 Rd3 37. hxg6 hxg6 38. f3 a3 39. Ra8 c4 40. f5 gxf5 41. gxf5 Rd2+ 0-1